000 01276nam a2200289 a 4500
001 000038507
003 DO-SdBNP
005 20250519135013.0
008 130412d1986 dr 000 0 spa d
040 _aDO-SdBNP
_bspa
_cBNPHU
082 _a344.729301
_bR423c, 1951
110 1 _aRepública Dominicana
_9447
240 1 0 _a[Código de trabajo, 1951]
245 1 0 _aCódigo de trabajo de la República Dominicana /
_crecompilado por Almanzor González Canahuate.
246 1 4 _aCódigo de trabajo de la República Dominicana y la legislación complementaria.
260 _aSanto Domingo :
_bCorripio,
_c1986.
300 _a337p. ;
_c20 cm.
500 _aVotado por la Ley Nº 2920 del Congreso Nacional promulgada por el Poder Ejecutivo el 11 de junio de 1951 y publicada en la Gaceta Oficial No. 7309 bis, incluyendo todas las modificaciones, correcciones y adiciones hasta la fecha
590 _aInventariado,2018/DG
650 0 _aDerecho laboral
_x
_976950
650 4 _aDerecho laboral
_xLegislación
_zRepública Dominicana
_97806
650 4 _aLeyes
_zRepública Dominicana
_93033
651 4 _aRepública Dominicana
_xLey 2920
_916444
700 1 _aGonzález Canahuate, Almanzor
_ecomp.
_916436
910 _aValidado. Control de calidad MFF
942 _2ddc
_cLBS1
999 _c37997
_d37997